Islam Versus and Socialism (Record no. 65312)
[ view plain ]
| 000 -LEADER | |
|---|---|
| fixed length control field | 00213nam a22001097a 4500 |
| 082 ## - DEWEY DECIMAL CLASSIFICATION NUMBER | |
| Classification number | 297.335HUS |
| 100 ## - MAIN ENTRY--AUTHOR NAME | |
| Personal name | Hussain |
| 245 ## - TITLE STATEMENT | |
| Title | Islam Versus and Socialism |
| 260 ## - PUBLICATION, DISTRIBUTION, ETC. (IMPRINT) | |
| Place of publication | Lahore |
| 300 ## - PHYSICAL DESCRIPTION | |
| Number of Pages | 170p |
| 942 ## - ADDED ENTRY ELEMENTS (KOHA) | |
| Koha item type | Books |
| Withdrawn status | Lost status | Collection code | Home library | Current library | Date acquired | Full call number | Accession Number | Koha item type |
|---|---|---|---|---|---|---|---|---|
| Reference | Reference Section | Reference Section | 10/07/2019 | 297.335HUS (Shelf - 18B) | R9515 | Books |